Spell the Marvel Character #362 - Statistics

General Stats
  • This quiz has been taken 15 times
  • The average score is 5 of 5
Answer Stats
Picture Answer % Correct
Ant-Man
100%
Spider-Woman
93%
Wasp
93%
Sway
87%
Yelena Belova
80%
No matching quizzes found
Score Distribution
Percent of People with Each Score
Percentile by Number Answered
Your Score History
You have not taken this quiz